000 00451nam a22001697a 4500
003 SGT
020 _a9789388022965
082 _a615
_bO23C
100 _aCHANDRASHEKAR, R.
245 _aONE PAGE ONE CHAPTER PHARMACOLOGY FOR UG STUDENTS IN MBBS
250 _a1ST
260 _aINDIA
_bINNOVATIVE PUB
_c2024
300 _a362
650 _aPHARMACOLOGY
653 _aONE PAGE ONE CHAPTER PHARMACOLOGY FOR UG STUDENTS IN MBBS
942 _2ddc
_cBK
999 _c33791
_d33791